000 00604nam a22002057a 4500
999 _c24171
_d24171
003 OSt
005 20210121123452.0
008 170303b xxu||||| |||| 00| 0 eng d
020 _a0838540457
040 _aMMU
_cMMU
_dMMU
_beng
050 0 0 _aRM725.S837 1995
100 1 _aSullivan, Patricia E.,
245 1 0 _aClinical decision making in therapeutic exercise /
_cPatricia E. Sullivan,
260 _aNorwalk, Conn. :
_bAppleton & Lange,
_cc1995.
300 _axi, 313 p. :
_bill. ;
650 0 _aExercise
700 1 _aMarkos, Prudence D.,
740 0 _aTherapeutic exercise.
942 _2lcc
_cLOAN LOAN